000 01243cac a2200361 i 4500
003 EG-GICUC
005 20260121101533.0
008 990422s1998 enka frb 001 0 eng d
020 _a0421586907
_qpbk.
020 _a9780421586901
_q(pbk.)
040 _aEUN
_cEUN
_dAUL
_dOCL
_dUKM
_dLUI
_dDLC
_dEG-GICUC
_beng
_erda
043 _ae-uk---
050 0 0 _aKD7876
_b.H37 1998
082 0 0 _a343.1
_221
092 0 4 _221
099 _aLaw 10 1998
100 1 _aHarding, Christopher,
_d1951-
245 1 0 _aDiversion in the criminal process /
_cChristopher Harding, Gavin Dingwall.
264 _aLondon :
_bSweet & Maxwell,
_c1998.
300 _axii, 197 page :
_billustrations ;
_c22 cm.
336 _atext
_btxt
_2rdacontent
337 _aunmediated
_bn
_2rdamedia
338 _avolume
_bnc
_2rdacarrier
440 0 _aModern legal studies
504 _aIncludes bibliographical references (p. [173]-186) and index.
650 0 _aCriminal justice, Administration of
_zGreat Britain.
650 0 _aPre-trial intervention
_zGreat Britain.
650 0 _aAlternatives to imprisonment
_zGreat Britain.
700 1 _aDingwall, Gavin.
856 4 0 _uhttps://fll.law.cu.edu.eg/fulltext/bks/ENGB10-00078.pdf
905 _a10
942 _2ddc
_cBK
_e21
_n0
999 _c52195
_d52195